LEADER 00829nam0-22002891i-450- 001 990001826480403321 005 20021010 035 $a000182648 035 $aFED01000182648 035 $a(Aleph)000182648FED01 035 $a000182648 100 $a20021010d--------km-y0itay50------ba 101 0 $aita 200 1 $aDell' acqua salso - jodica della Salvarola nell' Emilia$fGiovanni Giorgini. 210 $aParma$cTipi Cavour di P. Grazioli$d1861. 215 $a24 p.$d21 cm 610 0 $aAcqua 676 $a546.22 700 1$aGiorgini,$bGiovanni$057835 801 0$aIT$bUNINA$gRICA$2UNIMARC 901 $aBK 912 $a990001826480403321 952 $a60 DONO COMES 23/36$b36497$fFAGBC 959 $aFAGBC 996 $aDell' acqua salso - jodica della Salvarola nell' Emilia$9413247 997 $aUNINA DB $aING01 LEADER 01275nam1-2200433---450- 001 990001822260203316 005 20060727121943.0 035 $a000182226 035 $aUSA01000182226 035 $a(ALEPH)000182226USA01 035 $a000182226 100 $a20040705g--------km-y0itay0103----ba 101 0 $aita 102 $aIT 105 $aa|||||||001yy 200 1 $aMuseo nazionale romano 210 $aRoma$cDe Luca 215 $av.$cill.$d25 cm 300 $aIn testa al front.: Ministero per i beni culturali e ambientali, Soprintendenza archeologica di Roma 410 0$12001 454 1$12001 461 1$1001-------$12001 607 $aRoma$xMuseo nazionale romano$xCataloghi 676 $a937.007405632 702 1$aGIULIANO,$bAntonio 710 02$aMuseo nazionale romano$0172754 801 0$aIT$bsalbc$gISBD 912 $a990001822260203316 951 $aXII.3.D. 24/1.1(X B 173/1)$b4773 L.M.$cX B 951 $aI MU ROM$bDBC$cI MU 959 $aBK 969 $aUMA 969 $aDBC 979 $aSIAV8$b10$c20040705$lUSA01$h1706 979 $aSIAV8$b10$c20040705$lUSA01$h1707 979 $aCOPAT5$b90$c20060103$lUSA01$h1137 979 $aDBC$b90$c20060727$lUSA01$h1219 996 $aMuseo nazionale romano$9218055 997 $aUNISA LEADER 01121nam0 22002653i 450 001 VAN00097596 005 20240806100707.36 010 $a88-14-06287-0 100 $a20140415d1997 |0itac50 ba 101 $aita 102 $aIT 105 $a|||| ||||| 200 1 $aDiritto delle banche$eaggiornato al decreto Eurosim (D. lgs. 23 luglio 1996, n. 415) e ai provvedimenti comparsi in Gazzetta ufficiale al 30 settembre 1996$fAntonella Antonucci 210 $aMilano$cGiuffrè$d1997 215 $aIX, 450 p.$d23 cm. 410 1$1001VAN00007786$12001 $aPiccola biblioteca Giuffrè$etesti di preparazione giuridica ed economica 620 $dMilano$3VANL000284 700 1$aAntonucci$bAntonella$3VANV001381$0132970 712 $aGiuffrè $3VANV109181$4650 801 $aIT$bSOL$c20251114$gRICA 899 $aBIBLIOTECA DEL DIPARTIMENTO DI ECONOMIA$1IT-CE0106$2VAN03 912 $aVAN00097596 950 $aBIBLIOTECA DEL DIPARTIMENTO DI ECONOMIA$d03PREST IVCf25 $e03 31683 20140415 996 $aDiritto delle banche$966828 997 $aUNICAMPANIA